| 000 | 02724nam0a2200349 4500 | ||
|---|---|---|---|
| 001 | RU\NLR\bibl\363941 | ||
| 005 | 20260405111214.0 | ||
| 010 |
_a5-89486-007-5 _93000 |
||
| 035 | _a(NLR Aleph) 000358530 | ||
| 090 |
_a320869 _c320869 |
||
| 100 | _a20030206d1999 |||y0rusy50 ca | ||
| 101 | 0 | _arus | |
| 102 | _aRU | ||
| 105 | _aa ||||||||| | ||
| 200 | 1 |
_aДержавный сфинкс _e[Сб. _fСост. к.ист.н. А. Либерман и др. _gПослесл. В.Наумова _gУказ. имен, глоссарий С.Шокарев] |
|
| 210 |
_aМ. _cФонд Сергея Дубова _d1999 |
||
| 215 |
_a602, [1] с. _cил. _d22 |
||
| 225 | 1 | _aИстория России и дома Романовых в мемуарах современников. XVII-XX | |
| 320 | _aУказ. имен: с. 550-598 | ||
| 327 | 1 | _aСодерж.: Записки / Е.Ф. Комаровский. Записки / Р.С. Эдлинг. Исторические мемуары об императоре Александре и его дворе / С. Шуазель-Гуфье. Мемуарные записки / П.А. Вяземский | |
| 464 | 0 |
_12001#$aЗаписки$fЕ.Ф. Комаровский _1700#1$aКомаровский$bЕ. Ф.$gЕвграф Федотович$4070 _tЗаписки _aКомаровский, Евграф Федотович |
|
| 464 | 0 |
_12001#$aЗаписки$fР.С. Эдлинг _1700#1$aЭдлинг$bР. С.$gРоксандра Скарлатовна$4070 _tЗаписки _aЭдлинг, Роксандра Скарлатовна |
|
| 464 | 0 |
_12001#$aИсторические мемуары об императоре Александре и его дворе$fС. Шуазель-Гуфье _1700#1$3RU\NLR\auth\7759333$aШуазель-Гуфье$bС.$gСофия$4070 _tИсторические мемуары об императоре Александре и его дворе _aШуазель-Гуфье, София |
|
| 464 | 0 |
_12001#$aМемуарные записки$fП.А. Вяземский _1700#1$aВяземский$bП. А.$f1792-1878$gПетр Андреевич$4070$3RU\NLR\auth\7716420 _tМемуарные записки _aВяземский, Петр Андреевич (1792-1878) |
|
| 600 | 0 |
_aАлександр _cимператор российский _dI _f1777 - 1825 _jВоспоминания, записки и т.п. _9923567 _3RU\NLR\auth\6620141 |
|
| 686 | _aТ3(2)471,022.2 | ||
| 702 | 1 |
_4220 _7ca _8rus _aЛиберман _bА. А. _cканд. ист. наук _f1943- _gАлександр Абрамович _925157 _3RU\NLR\auth\7742212 |
|
| 801 | 0 |
_aRU _bNLR _c20030206 _gPSBO |
|
| 801 | 1 |
_aRU _bNLR _c20030206 |
|
| 942 | _cBOOK | ||
| 980 | _aNB | ||